000 00512nam a2200181Ia 4500
001 1439
005 20260306143728.0
008 260306t2016||||xx |||||||||||||| ||spa||
041 _aESP
082 _a150.1
_bS26
100 _aSarmiento Reyes, Juan Carlos
_eAUT
245 0 _aConceptos filosóficos en la historia de la psicología:
_buna revisión crítica a propósito de James Brennan
260 _c2016
300 _a98 páginas :
_c24 cm.
650 _aGEN
654 _aCPS
942 _cLIB
_dJUS
_fJUS
_2ddc
_n
999 _c1439
_d1439